000
00342nam a2200121 a 4500
005
20210219160820.0
008
s2004 000 spa d
035
_a
UPN01000173349
100
_a
HINOJOSA FRANCISCO
245
_a
CUANDO LOS RATONES SE DABAN LA GRAN VIDA
260
_b
I/PZ8.2/H5.4/EJ.4
500
_a
Catalogación en circulación
999
_c
145453
_d
145453